Ready, set, go! : A student guide to SPSS16.0-17.0 for Windows

This guide features concise instructions for accessing and using SPSS for Windows. Through ten guided assignments, students learn about statistical analysis of data while also learning the steps in the research process. The students are guided through assignments such as using frequency distribution...

Descripción completa

Guardado en:
Detalles Bibliográficos
Autor principal: Pavkov, Thomas W.
Formato: Libro
Lenguaje:Undetermined
Publicado: New York, N.Y. McGraw-Hill 2009
Materias:
Etiquetas: Agregar Etiqueta
Sin Etiquetas, Sea el primero en etiquetar este registro!
Thư viện lưu trữ: Trung tâm Học liệu Trường Đại học Cần Thơ
LEADER 01105nam a2200217Ia 4500
001 CTU_186979
008 210402s9999 xx 000 0 und d
082 |a 005.55 
082 |b P337 
100 |a Pavkov, Thomas W. 
245 0 |a Ready, set, go! : 
245 2 |b A student guide to SPSS16.0-17.0 for Windows 
245 0 |c Thomas W. Pavkov 
260 |a New York, N.Y. 
260 |b McGraw-Hill 
260 |c 2009 
520 |a This guide features concise instructions for accessing and using SPSS for Windows. Through ten guided assignments, students learn about statistical analysis of data while also learning the steps in the research process. The students are guided through assignments such as using frequency distributions, performing the t test, using the one-way ANOVA procedure, computing a correlation, and computing chi-square function. 
650 |a Social Sciences,Khoa học xã hội 
650 |x Statistical methods,Computer programs,Phương pháp thống kê,Chương trình máy tính 
910 |a Hải 
980 |a Trung tâm Học liệu Trường Đại học Cần Thơ